000
00273nam a22001217a 4500
020
_a
818869709-5
082
_a
153.4
_b
BLA/P
245
_a
POCKET BOOOK OF QUOTATIONS
260
_a
DELHI
_b
BLACK ROSE PUBLICATIONS
300
_a
466
650
_a
QUOTATIONS
_z
DELHI
942
_c
BK
999
_c
3734
_d
3734